Statistiques concernant Paroles Lego Ninjago 2-1

Cliquez ici pour prendre le quiz!

Statistiques générales

  • Ce quiz a été pris 39 fois
  • Le résultat moyen est 7 sur 10

Statistiques - réponses

QuestionRéponse% Correct
«J'ai collaboré avec les squelettes, mais je dois avouer que j'ai toujours préféré les serpents.»Garmadon
97%
«Ou votre plus grande leçon.»Wu
94%
«Mais je croyais que vous vouliez m'entraîner en rentrant.»Lloyd
91%
«On peut avoir un prix de réduction pour héros ? On est quand même les ninjas qui ont sauvé la ville, non ?»Jay
80%
«Il semblerait que le métro soit en mode automatique.»Zane
66%
«J'ai même pas assez de force pour jouer aux jeux vidéos.»Jay
60%
«Imbéciles ! Vous avez déjà oublié qu'il a aidé les ninjas ? Vous allez le suivre sans réfléchir parce qu'il vous offre un logement ?»Skales
60%
«Gagner ? On n'essaie pas de gagner. Notre but, c'est d'essayer de vous distraire.»Fangtom
57%
«Vous voulez un verre ?»Acidius
40%
«Il semblerait que ton père ne se préoccupe que de toi Lloyd.»Skales
40%

Distribution des résultats

Percentile par nombre de réponses

% des personnes avec chaque résultat

Votre développement - résultats

Vous n’avez pas pris ce quiz